[Event "32. Balaton Festival 2014 - MI"]
[Site "Balatonboglár"]
[Date "2014.06.20"]
[Round "8.1"]
[White "Szabo, Balazs"]
[Black "Horton, Jamie A"]
[Result "1-0"]
[WhiteElo "2349"]
[BlackElo "2012"]
[PlyCount "113"]
[EventDate "2014.06.14"]
[EventType "tourn"]
[EventRounds "9"]
[EventCountry "HUN"]
[EventCategory "1"]
[Source "lmi"]
[SourceDate "2014.06.14"]

1. d4 d5 2. c4 e6 3. Nf3 Nf6 4. Nc3 Be7 5. g3 O-O 6. Bg2 b6 7. O-O Bb7 8. Ne5
Nbd7 9. Qa4 c6 10. Nxc6 Bxc6 11. Qxc6 Rc8 12. Qa4 Rxc4 13. Qxa7 Qa8 14. Qxa8
Rxa8 15. e3 Bb4 16. Bd2 Ne8 17. Rfc1 Nd6 18. a3 Bxc3 19. Bxc3 Rac8 20. Bf1 R4c7
21. Ba6 Ra8 22. Bb4 Ne8 23. Bb5 Rac8 24. Rxc7 Rxc7 25. f3 f5 26. Kf1 Nef6 27.
Bd3 Kf7 28. Ke1 Ke8 29. Kd2 g6 30. Bb5 Rc8 31. Bd6 g5 32. Be5 Ke7 33. Bxf6+
Nxf6 34. Rc1 Rxc1 35. Kxc1 Kd6 36. Bd3 h6 37. b4 Ng8 38. Kc2 Kc6 39. a4 Ne7 40.
Bb5+ Kb7 41. Kb3 Nc8 42. Bd3 Nd6 43. Kc3 Kc6 44. Kd2 Kc7 45. Ke2 Kc6 46. h3 Kc7
47. g4 fxg4 48. hxg4 Ne8 49. f4 Ng7 50. Bg6 Kd6 51. Kf3 Kc6 52. e4 Kd7 53. f5
exf5 54. gxf5 dxe4+ 55. Kxe4 Kd6 56. a5 bxa5 57. bxa5 1-0

[Event "32. Balaton Festival 2014 - MI"]
[Site "Balatonboglár"]
[Date "2014.06.20"]
[Round "8.2"]
[White "Tesik, Csaba"]
[Black "Banas, Jan"]
[Result "1-0"]
[WhiteElo "2336"]
[BlackElo "2277"]
[PlyCount "55"]
[EventDate "2014.06.14"]
[EventType "tourn"]
[EventRounds "9"]
[EventCountry "HUN"]
[EventCategory "1"]
[Source "lmi"]
[SourceDate "2014.06.14"]

1. e4 c5 2. Nf3 e6 3. d4 cxd4 4. Nxd4 a6 5. Nc3 b5 6. Bd3 Qb6 7. Nf3 d6 8. O-O
Nc6 9. Qe2 Be7 10. Re1 Bb7 11. Bf4 Rd8 12. a4 b4 13. a5 Qa7 14. Na4 Nf6 15. Be3
Qa8 16. Nb6 Qb8 17. Bxa6 Nxe4 18. Bxb7 Qxb7 19. a6 Qc7 20. a7 Nxa7 21. Nd5 exd5
22. Rxa7 Qc8 23. Qb5+ Kf8 24. Bb6 Re8 25. Qxd5 Nf6 26. Rexe7 Rxe7 27. Qxd6 Nd5
28. Bd8 1-0

[Event "32. Balaton Festival 2014 - MI"]
[Site "Balatonboglár"]
[Date "2014.06.20"]
[Round "8.3"]
[White "Habibi, Ali"]
[Black "Ianov, Viktor"]
[Result "1/2-1/2"]
[WhiteElo "2252"]
[BlackElo "2292"]
[PlyCount "25"]
[EventDate "2014.06.14"]
[EventType "tourn"]
[EventRounds "9"]
[EventCountry "HUN"]
[EventCategory "1"]
[Source "lmi"]
[SourceDate "2014.06.14"]

1. Nf3 d5 2. g3 c6 3. d3 Nf6 4. Bg2 Bg4 5. Nbd2 Nbd7 6. O-O e5 7. e4 dxe4 8.
dxe4 Be7 9. h3 Bh5 10. Qe1 O-O 11. Nc4 Bxf3 12. Bxf3 Qc7 13. Qc3 1/2-1/2

[Event "32. Balaton Festival 2014 - MI"]
[Site "Balatonboglár"]
[Date "2014.06.21"]
[Round "9.1"]
[White "Habibi, Ali"]
[Black "Szabo, Balazs"]
[Result "1-0"]
[WhiteElo "2252"]
[BlackElo "2349"]
[PlyCount "99"]
[EventDate "2014.06.14"]
[EventType "tourn"]
[EventRounds "9"]
[EventCountry "HUN"]
[EventCategory "1"]
[Source "lmi"]
[SourceDate "2014.06.14"]

1. g3 d5 2. Bg2 Nf6 3. d3 e6 4. Nf3 Be7 5. O-O O-O 6. Nbd2 c5 7. e4 Nc6 8. Re1
b5 9. a4 b4 10. b3 a5 11. Bb2 Ba6 12. exd5 exd5 13. Nf1 Rc8 14. Ne3 d4 15. Nf5
Re8 16. Qd2 h6 17. N3h4 Bf8 18. Rxe8 Qxe8 19. Re1 Qd7 20. Qf4 Re8 21. Rxe8 Nxe8
22. Qg4 Qe6 23. Qe4 Bb7 24. g4 Qd7 25. h3 g6 26. Ng3 Nf6 27. Qe2 Nd5 28. Bc1
Nc3 29. Qe1 Bg7 30. f4 Kh7 31. Bd2 Nd5 32. Ne4 Qe7 33. g5 Ne3 34. Bf3 Nxc2 35.
Qc1 Ne3 36. Qxc5 Qe6 37. Nf2 hxg5 38. fxg5 Kg8 39. Ng2 Nxg2 40. Kxg2 Qd7 41.
Ng4 Ne7 42. Qxa5 Bxf3+ 43. Kxf3 Qc6+ 44. Kf2 Nf5 45. Qxb4 Qc7 46. Ke2 Qg3 47.
Qb7 Qg1 48. Be1 Ne3 49. Qf3 Nc2 50. Qf1 1-0

[Event "32. Balaton Festival 2014 - MI"]
[Site "Balatonboglár"]
[Date "2014.06.21"]
[Round "9.2"]
[White "Ianov, Viktor"]
[Black "Tesik, Csaba"]
[Result "1/2-1/2"]
[WhiteElo "2292"]
[BlackElo "2336"]
[PlyCount "24"]
[EventDate "2014.06.14"]
[EventType "tourn"]
[EventRounds "9"]
[EventCountry "HUN"]
[EventCategory "1"]
[Source "lmi"]
[SourceDate "2014.06.14"]

1. Nf3 Nf6 2. g3 d5 3. Bg2 c6 4. O-O Bg4 5. d3 e6 6. h3 Bh5 7. Nbd2 Be7 8. b3
Nbd7 9. Bb2 a5 10. a3 O-O 11. c4 b5 12. Qc2 Qb6 1/2-1/2

[Event "32. Balaton Festival 2014 - MI"]
[Site "Balatonboglár"]
[Date "2014.06.21"]
[Round "9.3"]
[White "Banas, Jan"]
[Black "Horton, Jamie A"]
[Result "0-1"]
[WhiteElo "2277"]
[BlackElo "2012"]
[PlyCount "104"]
[EventDate "2014.06.14"]
[EventType "tourn"]
[EventRounds "9"]
[EventCountry "HUN"]
[EventCategory "1"]
[Source "lmi"]
[SourceDate "2014.06.14"]

1. c4 e6 2. Nf3 Nf6 3. g3 d5 4. Bg2 Be7 5. d4 O-O 6. O-O b6 7. Nc3 Bb7 8. Ne5
Nbd7 9. Qa4 c6 10. e4 Nxe5 11. dxe5 Nxe4 12. Nxe4 dxe4 13. Bxe4 Qd4 14. Qc2
Qxe5 15. Bxh7+ Kh8 16. Be4 Bf6 17. Qe2 c5 18. Bf3 Qxe2 19. Bxe2 Rfd8 20. a4 Kg8
21. Re1 Bd4 22. a5 Bc6 23. a6 Rd7 24. Ra3 Bf6 25. h4 Rad8 26. Kf1 Kf8 27. Bf3
Bxf3 28. Rxf3 Rd4 29. Rc3 Ke7 30. Rc2 Rd3 31. Re3 Rxe3 32. fxe3 Be5 33. Kg2 Rd1
34. Kf2 g6 35. b3 Rh1 36. Kg2 Rd1 37. Kf2 f5 38. Kg2 Rd3 39. Bb2 Bxb2 40. Rxb2
Rxe3 41. Rb1 Re2+ 42. Kf3 Ra2 43. h5 gxh5 44. Rh1 Rxa6 45. Rxh5 Ra3 46. Kf4
Rxb3 47. Rh7+ Kd6 48. Rxa7 Rb4 49. Kg5 Rxc4 50. Kf6 Rc3 51. Rb7 Kc6 52. Re7 Re3
0-1

[Event "32. Balaton Festival 2014 - MI"]
[Site "Balatonboglár"]
[Date "2014.06.22"]
[Round "10.2"]
[White "Horton, Jamie A"]
[Black "Ianov, Viktor"]
[Result "0-1"]
[WhiteElo "2012"]
[BlackElo "2292"]
[PlyCount "112"]
[EventDate "2014.06.14"]
[EventType "tourn"]
[EventRounds "9"]
[EventCountry "HUN"]
[EventCategory "1"]
[Source "lmi"]
[SourceDate "2014.06.14"]

1. e4 d6 2. d4 Nf6 3. Nc3 Nbd7 4. Nf3 e5 5. Bc4 Be7 6. O-O O-O 7. Re1 a6 8. a4
b6 9. Bg5 Bb7 10. Bh4 c6 11. Bg3 Qc7 12. Bb3 Rad8 13. Qe2 b5 14. axb5 axb5 15.
Rad1 Nh5 16. d5 Nxg3 17. hxg3 b4 18. dxc6 Bxc6 19. Nd5 Bxd5 20. Rxd5 Nc5 21.
Qc4 Qb6 22. Red1 Kh8 23. g4 Rc8 24. Qe2 g6 25. g5 f6 26. gxf6 Rxf6 27. Rf1 Rcf8
28. Qe3 Rf4 29. Nd2 Qb7 30. g3 Rg4 31. Kg2 Kg7 32. f3 Rg5 33. Rxd6 Rxg3+ 34.
Kxg3 Bxd6 35. Rh1 Rf4 36. Bd5 Qe7 37. Kg2 h5 38. Kf1 Nd7 39. Qd3 Bc5 40. Qe2
Nf6 41. Bb3 Bd4 42. Qg2 Bxb2 43. Rg1 Ng4 44. Ke2 Bd4 45. Rh1 Qf6 46. Qh3 Qg5
47. Bd5 Nf6 48. Bb3 h4 49. Rh2 Qg1 50. Rg2 Qe3+ 51. Kd1 Bc3 52. Qe6 Qa7 53. Ba2
h3 54. Re2 h2 55. Re1 Bxd2 56. Kxd2 Rxf3 0-1

[Event "32. Balaton Festival 2014 - MI"]
[Site "Balatonboglár"]
[Date "2014.06.22"]
[Round "10.3"]
[White "Tesik, Csaba"]
[Black "Habibi, Ali"]
[Result "1/2-1/2"]
[WhiteElo "2336"]
[BlackElo "2252"]
[PlyCount "58"]
[EventDate "2014.06.14"]
[EventType "tourn"]
[EventRounds "9"]
[EventCountry "HUN"]
[EventCategory "1"]
[Source "lmi"]
[SourceDate "2014.06.14"]

1. e4 c5 2. Nf3 d6 3. d4 cxd4 4. Nxd4 Nf6 5. Nc3 g6 6. Be3 Bg7 7. f3 O-O 8. Qd2
Nc6 9. Bc4 Bd7 10. O-O-O Qa5 11. h4 Rfc8 12. Bb3 Ne5 13. Kb1 Nc4 14. Bxc4 Rxc4
15. Nb3 Qe5 16. Bf4 Qe6 17. Bh6 Bh8 18. Ne2 Rac8 19. Ned4 Qe5 20. c3 Be8 21.
Ka1 Nd7 22. h5 Nc5 23. Bf4 Nxb3+ 24. axb3 Qa5+ 25. Kb1 R4c7 26. hxg6 hxg6 27.
Bg3 Bg7 28. c4 Qxd2 29. Rxd2 a6 1/2-1/2